Score 0/10 Timer 03:00
0 Plays Today
% Correct
Edgar Allan Poe
98.2%
Stephen King
97.8%
Herman Melville
95.1%
John Grisham
94.7%
E.B. White
92.9%
Tennessee Williams
92.4%
Michael Crichton
92.4%
Samuel Clemens
83.1%
James Fenimore Cooper
81.8%
Washington Irving
80%
Remove Ads.
Support Sporcle.
Get the best of Sporcle when you Go Orange. This ad-free experience offers more features, more stats, and more fun while also helping to support Sporcle. Thank you for becoming a member.

You're not logged in!

Compare scores with friends on all Sporcle quizzes.
OR
Log In

Show Comments

Extras

Created Oct 4, 2013ReportNominate
Tags:Author Quiz, Clickable Quiz

Top Quizzes Today


Score Distribution

Your Account Isn't Verified!

In order to create a playlist on Sporcle, you need to verify the email address you used during registration. Go to your Sporcle Settings to finish the process.

Report this User

Report this user for behavior that violates our Community Guidelines.

Details: